<?xml version="1.0" encoding="UTF-8"?>
<record
    xmlns:xsi="http://www.w3.org/2001/XMLSchema-instance"
    xsi:schemaLocation="http://www.loc.gov/MARC21/slim http://www.loc.gov/standards/marcxml/schema/MARC21slim.xsd"
    xmlns="http://www.loc.gov/MARC21/slim">

  <leader>01454cam a22004095i 4500</leader>
  <datafield tag="999" ind1=" " ind2=" ">
    <subfield code="c">173164</subfield>
    <subfield code="d">173164</subfield>
  </datafield>
  <controlfield tag="001">vtls000291366</controlfield>
  <controlfield tag="003">PNM</controlfield>
  <controlfield tag="005">20190626161812.0</controlfield>
  <controlfield tag="008">001030s2002    my ao  e      000 0 chi  </controlfield>
  <datafield tag="015" ind1=" " ind2=" ">
    <subfield code="a">M16-08656</subfield>
    <subfield code="q">volume 1</subfield>
  </datafield>
  <datafield tag="015" ind1=" " ind2=" ">
    <subfield code="a">M16-08657</subfield>
    <subfield code="q">volume 2</subfield>
  </datafield>
  <datafield tag="020" ind1=" " ind2=" ">
    <subfield code="a">9789834030469</subfield>
    <subfield code="q">hardback</subfield>
    <subfield code="q">volume 1</subfield>
    <subfield code="c">RM220.00</subfield>
  </datafield>
  <datafield tag="020" ind1=" " ind2=" ">
    <subfield code="a">9789834030476</subfield>
    <subfield code="q">hardback</subfield>
    <subfield code="q">volume 2</subfield>
    <subfield code="c">RM220.00</subfield>
  </datafield>
  <datafield tag="039" ind1=" " ind2="9">
    <subfield code="a">201905020815</subfield>
    <subfield code="b">AUTHORITY</subfield>
    <subfield code="c">201707170815</subfield>
    <subfield code="d">rosliza</subfield>
    <subfield code="c">201610111039</subfield>
    <subfield code="d">sitisuhaida</subfield>
    <subfield code="c">201607130924</subfield>
    <subfield code="d">salbiah</subfield>
  </datafield>
  <datafield tag="040" ind1=" " ind2=" ">
    <subfield code="a">PNM</subfield>
    <subfield code="b">eng</subfield>
    <subfield code="c">PNM</subfield>
    <subfield code="d">PPAK</subfield>
    <subfield code="e">rda</subfield>
  </datafield>
  <datafield tag="041" ind1=" " ind2=" ">
    <subfield code="a">chi</subfield>
    <subfield code="a">eng</subfield>
    <subfield code="a">may</subfield>
  </datafield>
  <datafield tag="049" ind1=" " ind2=" ">
    <subfield code="a">mal</subfield>
  </datafield>
  <datafield tag="082" ind1="0" ind2="4">
    <subfield code="a">581.634</subfield>
    <subfield code="2">23</subfield>
  </datafield>
  <datafield tag="090" ind1="0" ind2="0">
    <subfield code="a">581.634</subfield>
    <subfield code="b">GOH</subfield>
    <subfield code="d">R</subfield>
  </datafield>
  <datafield tag="100" ind1="1" ind2="0">
    <subfield code="a">Goh, Kong Ling,</subfield>
    <subfield code="d">1951-</subfield>
    <subfield code="e">author,</subfield>
    <subfield code="e">editor.</subfield>
  </datafield>
  <datafield tag="245" ind1="1" ind2="0">
    <subfield code="a">Malaixiya zhong cao yao.</subfield>
    <subfield code="n">[di yi ce - di san ce] =</subfield>
    <subfield code="b">MALAYSIAN HERBS</subfield>
    <subfield code="n">VOLUME 1-2 /</subfield>
    <subfield code="c">GOH, KONG LING</subfield>
    <subfield code="6">880-01</subfield>
  </datafield>
  <datafield tag="246" ind1="3" ind2=" ">
    <subfield code="a">Malaysian herbs</subfield>
  </datafield>
  <datafield tag="250" ind1=" " ind2=" ">
    <subfield code="a">(CHINESE EDITION)</subfield>
  </datafield>
  <datafield tag="264" ind1=" " ind2="1">
    <subfield code="a">Port Klang, Selangor :</subfield>
    <subfield code="b">Goh Kong Ling,</subfield>
    <subfield code="c">2002</subfield>
  </datafield>
  <datafield tag="300" ind1=" " ind2=" ">
    <subfield code="a">2 volumes (vi, 254 ; vi, 254 pages) :</subfield>
    <subfield code="b">colour photographs ;</subfield>
    <subfield code="c">30 cm</subfield>
  </datafield>
  <datafield tag="336" ind1=" " ind2=" ">
    <subfield code="2">rdacontent</subfield>
    <subfield code="a">text</subfield>
  </datafield>
  <datafield tag="337" ind1=" " ind2=" ">
    <subfield code="2">rdamedia</subfield>
    <subfield code="a">unmediated</subfield>
  </datafield>
  <datafield tag="338" ind1=" " ind2=" ">
    <subfield code="2">rdacarrier</subfield>
    <subfield code="a">volume</subfield>
  </datafield>
  <datafield tag="500" ind1=" " ind2=" ">
    <subfield code="a">Text in Chinese</subfield>
  </datafield>
  <datafield tag="650" ind1="1" ind2="0">
    <subfield code="a">Medicinal plants</subfield>
    <subfield code="z">Malaysia</subfield>
  </datafield>
  <datafield tag="650" ind1="2" ind2="0">
    <subfield code="a">Material medical, Vegetable</subfield>
    <subfield code="z">Malaysia</subfield>
  </datafield>
  <datafield tag="650" ind1="2" ind2="0">
    <subfield code="a">Herbs</subfield>
    <subfield code="x">Therapeutic use</subfield>
    <subfield code="z">Malaysia</subfield>
  </datafield>
  <datafield tag="880" ind1="0" ind2="0">
    <subfield code="6">245-01/$1</subfield>
    <subfield code="a">&#x9A6C;&#x6765;&#x897F;&#x4E9A;&#x4E2D;&#x8349;&#x836F; /</subfield>
    <subfield code="c">&#x5434;&#x5EB7;&#x9E9F;&#x7F16;&#x8457;</subfield>
  </datafield>
  <datafield tag="942" ind1=" " ind2=" ">
    <subfield code="2">ddc</subfield>
    <subfield code="c">B</subfield>
  </datafield>
  <datafield tag="949" ind1=" " ind2=" ">
    <subfield code="6">2000276329</subfield>
  </datafield>
  <datafield tag="949" ind1=" " ind2=" ">
    <subfield code="6">2000278568</subfield>
  </datafield>
  <datafield tag="952" ind1=" " ind2=" ">
    <subfield code="0">0</subfield>
    <subfield code="7">1</subfield>
    <subfield code="b">PPAK</subfield>
    <subfield code="c">R</subfield>
    <subfield code="d">2019-07-02</subfield>
    <subfield code="h">Volume 1</subfield>
    <subfield code="o">R 581.634 GOH</subfield>
    <subfield code="p">A01607882</subfield>
    <subfield code="r">2019-07-02 00:00:00</subfield>
    <subfield code="y">B</subfield>
  </datafield>
  <datafield tag="952" ind1=" " ind2=" ">
    <subfield code="0">0</subfield>
    <subfield code="7">1</subfield>
    <subfield code="b">SP</subfield>
    <subfield code="c">R</subfield>
    <subfield code="d">2019-07-02</subfield>
    <subfield code="h">Volume 1</subfield>
    <subfield code="o">R 581.634 GOH</subfield>
    <subfield code="p">A01607883</subfield>
    <subfield code="r">2019-07-02 00:00:00</subfield>
    <subfield code="y">B</subfield>
  </datafield>
  <datafield tag="952" ind1=" " ind2=" ">
    <subfield code="0">0</subfield>
    <subfield code="7">1</subfield>
    <subfield code="b">LW</subfield>
    <subfield code="c">R</subfield>
    <subfield code="d">2019-07-02</subfield>
    <subfield code="h">Volume 1</subfield>
    <subfield code="o">R 581.634 GOH</subfield>
    <subfield code="p">A01607884</subfield>
    <subfield code="r">2019-07-02 00:00:00</subfield>
    <subfield code="y">B</subfield>
  </datafield>
  <datafield tag="952" ind1=" " ind2=" ">
    <subfield code="0">0</subfield>
    <subfield code="7">1</subfield>
    <subfield code="b">KM</subfield>
    <subfield code="c">R</subfield>
    <subfield code="d">2019-07-02</subfield>
    <subfield code="h">Volume 1</subfield>
    <subfield code="o">R 581.634 GOH</subfield>
    <subfield code="p">A01607885</subfield>
    <subfield code="r">2019-07-02 00:00:00</subfield>
    <subfield code="y">B</subfield>
  </datafield>
  <datafield tag="952" ind1=" " ind2=" ">
    <subfield code="0">0</subfield>
    <subfield code="7">1</subfield>
    <subfield code="b">BL</subfield>
    <subfield code="c">R</subfield>
    <subfield code="d">2019-07-02</subfield>
    <subfield code="h">Volume 1</subfield>
    <subfield code="o">R 581.634 GOH</subfield>
    <subfield code="p">A01607886</subfield>
    <subfield code="r">2019-07-02 00:00:00</subfield>
    <subfield code="y">B</subfield>
  </datafield>
  <datafield tag="952" ind1=" " ind2=" ">
    <subfield code="0">0</subfield>
    <subfield code="7">1</subfield>
    <subfield code="b">PPAK</subfield>
    <subfield code="c">R</subfield>
    <subfield code="d">2019-07-02</subfield>
    <subfield code="h">Volume 2</subfield>
    <subfield code="o">R 581.634 GOH</subfield>
    <subfield code="p">A01607887</subfield>
    <subfield code="r">2019-07-02 00:00:00</subfield>
    <subfield code="y">B</subfield>
  </datafield>
  <datafield tag="952" ind1=" " ind2=" ">
    <subfield code="0">0</subfield>
    <subfield code="7">1</subfield>
    <subfield code="b">SP</subfield>
    <subfield code="c">R</subfield>
    <subfield code="d">2019-07-02</subfield>
    <subfield code="h">Volume 2</subfield>
    <subfield code="o">R 581.634 GOH</subfield>
    <subfield code="p">A01607888</subfield>
    <subfield code="r">2019-07-02 00:00:00</subfield>
    <subfield code="y">B</subfield>
  </datafield>
  <datafield tag="952" ind1=" " ind2=" ">
    <subfield code="0">0</subfield>
    <subfield code="7">1</subfield>
    <subfield code="b">LW</subfield>
    <subfield code="c">R</subfield>
    <subfield code="d">2019-07-02</subfield>
    <subfield code="h">Volume 2</subfield>
    <subfield code="o">R 581.634 GOH</subfield>
    <subfield code="p">A01607889</subfield>
    <subfield code="r">2019-07-02 00:00:00</subfield>
    <subfield code="y">B</subfield>
  </datafield>
  <datafield tag="952" ind1=" " ind2=" ">
    <subfield code="0">0</subfield>
    <subfield code="7">1</subfield>
    <subfield code="b">KM</subfield>
    <subfield code="c">R</subfield>
    <subfield code="d">2019-07-02</subfield>
    <subfield code="h">Volume 2</subfield>
    <subfield code="o">R 581.634 GOH</subfield>
    <subfield code="p">A01607890</subfield>
    <subfield code="r">2019-07-02 00:00:00</subfield>
    <subfield code="y">B</subfield>
  </datafield>
  <datafield tag="952" ind1=" " ind2=" ">
    <subfield code="0">0</subfield>
    <subfield code="7">1</subfield>
    <subfield code="b">BL</subfield>
    <subfield code="c">R</subfield>
    <subfield code="d">2019-07-02</subfield>
    <subfield code="h">Volume 2</subfield>
    <subfield code="o">R 581.634 GOH</subfield>
    <subfield code="p">A01607891</subfield>
    <subfield code="r">2019-07-02 00:00:00</subfield>
    <subfield code="y">B</subfield>
  </datafield>
</record>
